00303nam a2200133Ia 45000030006000000080041000060400015000471000025000622450017000872600030001043000006001345460012001400050017001520STCL150530s9999 xx 000 0 und d aSTCLcSTCL aSatyakam Vidyalankar aKavya- Kusum bNaya Sahitya; Delhic1989 a0 aEnglish20220125171217.0